000 00413cam a22001337a 4500
008 180718b2001 xxu||||| |||| 00| 0 eng d
082 _aA81x54 91/16/PT11
100 _aCensus of India 1991
245 _aMeghalaya: census atlas
260 _aDelhi
_bThe Controller of Publications
_c2001
300 _a247+p.
440 _aCensus of India 1991. Series-16, Meghalaya. Part-XI
650 _aMeghalaya - Maps - Census
999 _c491470
_d491470